000 00212nam a22000857a 4500
008 160811b xxu||||| |||| 00| 0 eng d
100 _9113
_aBurnett F.H
245 _aThe Secret Garden
260 _aNew York
_bBaronet Book
999 _c2767
_d2767